Rasīdī ṭikaṭ. (Record no. 330648)
[ view plain ]
| 000 -LEADER | |
|---|---|
| fixed length control field | 00688cam a2200217u 4500 |
| 001 - CONTROL NUMBER | |
| control field | 7163782 |
| 003 - CONTROL NUMBER IDENTIFIER | |
| control field | NUST |
| 005 - DATE AND TIME OF LATEST TRANSACTION | |
| control field | 20170727111842.0 |
| 008 - FIXED-LENGTH DATA ELEMENTS--GENERAL INFORMATION | |
| fixed length control field | 840703s1976 xx 000 0 pano |
| 010 ## - LIBRARY OF CONGRESS CONTROL NUMBER | |
| LC control number | 76902574 |
| 040 ## - CATALOGING SOURCE | |
| Original cataloging agency | DLC |
| Transcribing agency | CarP |
| Modifying agency | DLC |
| 050 00 - LIBRARY OF CONGRESS CALL NUMBER | |
| Classification number | PK2659.A44 |
| Item number | Z526 (Orien Pan) |
| 082 ## - DEWEY DECIMAL CLASSIFICATION NUMBER | |
| Classification number | 923 |
| Author Mark | PRE |
| 100 0# - MAIN ENTRY--PERSONAL NAME | |
| Personal name | Amrita Pritam, |
| Dates associated with a name | 1919-2005. |
| 9 (RLIN) | 3603 |
| 245 10 - TITLE STATEMENT | |
| Title | Rasīdī ṭikaṭ. |
| Statement of responsibility, etc. | by Amrita Pritam |
| 260 ## - PUBLICATION, DISTRIBUTION, ETC. | |
| Date of publication, distribution, etc. | 2009. |
| Place of publication, distribution, etc. | Lahore: |
| Name of publisher, distributor, etc. | Toni Publishers, |
| 300 ## - PHYSICAL DESCRIPTION | |
| Extent | 184 p., : |
| Dimensions | 19 cm. |
| 500 ## - GENERAL NOTE | |
| General note | Romanized. |
| 546 ## - LANGUAGE NOTE | |
| Language note | In Urdu |
| 600 00 - SUBJECT ADDED ENTRY--PERSONAL NAME | |
| Personal name | Amrita Pritam, |
| Dates associated with a name | 1919-2005. |
| 9 (RLIN) | 3603 |
| 650 #0 - SUBJECT ADDED ENTRY--TOPICAL TERM | |
| Topical term or geographic name entry element | Authors, Panjabi |
| Chronological subdivision | 20th century |
| Form subdivision | Biography. |
| 9 (RLIN) | 3604 |
| 880 ## - ALTERNATE GRAPHIC REPRESENTATION | |
| Linkage | 100-01\(3\r |
| Title | امرتا پریتم |
| 880 ## - ALTERNATE GRAPHIC REPRESENTATION | |
| Linkage | 245-02\(3\r |
| Title | رسیدی ٹکٹ |
| c | امرتا پریتم |
| 880 ## - ALTERNATE GRAPHIC REPRESENTATION | |
| Linkage | 260-03\(3\r |
| Title | لاہور: |
| b | ٹونی پبلشرز، |
| c | 2009 |
| 906 ## - LOCAL DATA ELEMENT F, LDF (RLIN) | |
| a | 0 |
| b | cbc |
| c | premunv |
| d | u |
| e | ncip |
| f | 19 |
| g | y-gencatlg |
| 942 ## - ADDED ENTRY ELEMENTS (KOHA) | |
| Source of classification or shelving scheme | |
| Koha item type | Book |
| Withdrawn status | Lost status | Source of classification or shelving scheme | Damaged status | Not for loan | Permanent Location | Current Location | Shelving location | Date acquired | Total Checkouts | Total Renewals | Full call number | Barcode | Date last seen | Date last checked out | Copy number | Price effective from | Koha item type |
|---|---|---|---|---|---|---|---|---|---|---|---|---|---|---|---|---|---|
| Central Library (CL) | Central Library (CL) | Fiction | 07/27/2017 | 2 | 2 | 923 PRE | CL1921 | 07/28/2022 | 04/26/2022 | 1 | 07/27/2017 | Book |
